000 00401nam a2200157 i 4500
001 62200
003 ES-MaACL
005 20230906164626.0
007 t|
008 031118s1970 sp |||| | spa d
245 0 0 _aFerias, fiestas y certámenes de España.
260 _a[Madrid :
_bReus,
_c1970]
300 _a439 p. ;
_c19 cm.
650 4 _aFiestas-
_xEspaña.
_912778
852 _aES-MaACL
_jC-50677
999 _c62200
_d62200